000
00266nam a2200097Ia 4500
001
646997
005
20250826153654.0
008
250824s9999 xx 000 0 und d
245
0
_a
Adli Araştırmalar Doğa Anlatıyor
_c
Leela Burnscott
260
_b
TÜBİTAK YAYINLARI
999
_c
646997
_d
646997